Gaming Quiz

Random Gaming or Board Games Quiz
Score 0/24 Timer 06:00
2 Plays Today
% Correct
Bill
52%
Sam
51.4%
Tom
48.4%
George
48%
Paul
47.8%
Susan
46.7%
Joe
44.2%
Robert
43.9%
David
43.6%
Peter
43.4%
Charles
39.5%
Anne
39.1%
% Correct
Maria
38.9%
Richard
38.6%
Eric
37.4%
Max
34.6%
Alfred
34.3%
Philip
33.4%
Claire
32.8%
Bernard
31.5%
Alex
30.4%
Anita
30.3%
Herman
29.1%
Frans
21.4%
Remove Ads.
Support Sporcle.
Get the best of Sporcle when you Go Orange. This ad-free experience offers more features, more stats, and more fun while also helping to support Sporcle. Thank you for becoming a member.

You're not logged in!

Compare scores with friends on all Sporcle quizzes.
OR
Log In

Show Comments

Extras

Top Quizzes Today


Score Distribution

Your Account Isn't Verified!

In order to create a playlist on Sporcle, you need to verify the email address you used during registration. Go to your Sporcle Settings to finish the process.

Report this User

Report this user for behavior that violates our Community Guidelines.

Details: